000 00399nam a22001697a 4500
005 20180820150159.0
008 160620b xxu||||| |||| 00| 0 eng d
020 _a0-201-53740-0
041 _aeng
082 _b8480
_a658.4012
100 _aHunger and Wheelen
_92311
245 _aStrategic Management
260 _bAddition Wisley
300 _a395p,
650 _aManagement
_9241
942 _cBK
999 _c3246
_d3245